Les 100 prénoms féminins les plus donnés en 2007 - Statistiques

Statistiques générales
  • Ce quiz a été pris 757 fois
  • Le résultat moyen est 60 sur 100
Statistiques - réponses
# 1ère lettre Prénom % Correct
1 E Emma
96%
29 L Lou
94%
25 J Julie
93%
2 L Léa
93%
4 C Chloé
91%
47 A Anna
89%
19 Z Zoé
88%
7 C Camille
87%
20 M Marie
87%
3 C Clara
85%
9 J Jade
85%
17 L Louise
85%
5 M Manon
85%
24 J Juliette
84%
6 I Inès
83%
68 S Sara
81%
12 L Lucie
79%
36 P Pauline
79%
21 L Lisa
77%
14 R Romane
77%
51 J Julia
76%
28 L Laura
76%
8 S Sarah
75%
55 E Elise
72%
13 E Eva
72%
32 J Jeanne
72%
10 L Lola
72%
16 O Océane
71%
46 A Alice
70%
30 C Charlotte
70%
48 E Elisa
69%
23 L Léna
69%
22 M Mathilde
69%
71 V Valentine
69%
40 E Emilie
68%
38 J Justine
67%
82 L Lise
67%
59 M Marine
67%
34 C Clémence
66%
44 N Nina
66%
79 O Olivia
66%
27 L Lina
65%
33 N Noémie
65%
69 R Rose
65%
11 A Anaïs
64%
39 L Louane
63%
31 L Louna
63%
50 M Margot
63%
52 M Margaux
61%
18 L Lilou
60%
41 C Carla
59%
43 A Alicia
58%
63 E Eloïse
58%
73 G Gabrielle
58%
65 L Lily
58%
56 L Luna
58%
15 M Maëlys
58%
60 M Marion
58%
45 M Maëlle
57%
35 A Ambre
55%
26 C Célia
55%
77 V Victoria
55%
96 H Héloïse
53%
62 Y Yasmine
53%
78 A Amélie
52%
80 E Elena
52%
53 E Elsa
51%
91 F Fanny
51%
81 N Ninon
51%
57 A Agathe
50%
49 L Lana
50%
83 C Cloé
49%
54 L Léane
47%
61 L Léonie
47%
42 M Mélissa
46%
37 M Maëva
45%
84 S Sofia
44%
67 A Amandine
43%
93 C Clémentine
43%
76 F Faustine
43%
98 S Solène
42%
58 M Morgane
41%
72 S Salomé
40%
90 E Eléa
39%
87 M Méline
39%
70 A Anaëlle
37%
64 M Mélina
37%
85 C Capucine
36%
100 C Clarisse
36%
92 C Coline
36%
95 A Andréa
35%
66 C Candice
35%
88 M Maya
35%
89 C Cassandra
34%
86 K Kenza
31%
75 L Loane
30%
99 E Enora
27%
94 M Myriam
22%
97 A Aya
18%
74 A Angélina
17%
Aucun quiz correspondant
Distribution des résultats
% des personnes avec chaque résultat
Percentile par nombre de réponses
Votre historique - résultats
Vous n’avez pas pris ce quiz